000 00338nam a2200133Ia 4500
008 240624s9999 xx 000 0 und d
041 _aeng
082 _a600 SEE
100 _aSEEMILLER COREY
245 _aGENERATION Z A CENTURY IN THE MAKING
260 _c2019
_aLondon
_bRoutledge
300 _axxv, 321 p.; 23 cm.
365 _cBPS
_b35
999 _c31579
_d31579